|
|
|
|
| LEADER |
01683nam a2200445Ia 4500 |
| 001 |
EBC816845 |
| 003 |
MiAaPQ |
| 005 |
20200520144314.0 |
| 006 |
m o d | |
| 007 |
cr cn||||||||| |
| 008 |
120112s2012 inu sb s001 0 eng d |
| 010 |
|
|
|z 2012000165
|
| 020 |
|
|
|z 9780253002051
|
| 020 |
|
|
|z 9780253002129
|
| 020 |
|
|
|z 9780253002228
|
| 035 |
|
|
|a (MiAaPQ)EBC816845
|
| 035 |
|
|
|a (Au-PeEL)EBL816845
|
| 035 |
|
|
|a (CaPaEBR)ebr10565307
|
| 035 |
|
|
|a (CaONFJC)MIL362619
|
| 035 |
|
|
|a (OCoLC)794663269
|
| 040 |
|
|
|a MiAaPQ
|c MiAaPQ
|d MiAaPQ
|
| 050 |
|
4 |
|a HD5856.P6
|b M45 2012
|
| 082 |
0 |
4 |
|a 331.6/2599
|2 23
|
| 100 |
1 |
|
|a McKay, Deirdre,
|d 1967-
|
| 245 |
1 |
0 |
|a Global Filipinos
|h [electronic resource] :
|b migrants' lives in the virtual village /
|c Deirdre McKay.
|
| 260 |
|
|
|a Bloomington :
|b Indiana University Press,
|c c2012.
|
| 300 |
|
|
|a x, 247 p.
|
| 490 |
1 |
|
|a Tracking globalization
|
| 504 |
|
|
|a Includes bibliographical references and index.
|
| 533 |
|
|
|a Electronic reproduction. Ann Arbor, MI : ProQuest, 2015. Available via World Wide Web. Access may be limited to ProQuest affiliated libraries.
|
| 650 |
|
0 |
|a Filipinos
|x Employment
|z Foreign countries.
|
| 650 |
|
0 |
|a Foreign workers, Philippine
|z Foreign countries.
|
| 650 |
|
0 |
|a Globalization
|x Social aspects
|z Philippines
|z Haliap.
|
| 650 |
|
0 |
|a Migrant labor
|z Philippines
|z Haliap.
|
| 651 |
|
0 |
|a Haliap (Philippines)
|x Economic conditions.
|
| 651 |
|
0 |
|a Haliap (Philippines)
|x Social conditions.
|
| 655 |
|
4 |
|a Electronic books.
|
| 710 |
2 |
|
|a ProQuest (Firm)
|
| 830 |
|
0 |
|a Tracking globalization.
|
| 856 |
4 |
0 |
|u https://ebookcentral.proquest.com/lib/matrademy/detail.action?docID=816845
|z Click to View
|